000 01824nam0a2200397 4500
001 RU\NLR\BIBL_A\022104304
005 20240131114214.0
010 _a978-5-907062-47-4
_92000
021 _aRU
_bКН-П-23-075094
_9КН-П-23-7587
035 _a(NLR Aleph) 022104304
035 _a(RuMoRGB)012382537
090 _a12756660
_c12756660
100 _a20231229d2023 u y0rusy50 ca
101 0 _arus
102 _aRU
105 _aa z 000yy
181 0 _ai3
_baxxe
182 1 _an
200 1 _aШахматная лесенка
_e[для детей дошкольного возраста]
_fАнна Дорофеева
203 _aТекст
_bвизуальный
_cнепосредственный
205 _aИзд. 5-е, испр.
210 _aМосква
_cДорофеева Анна Геннадьевна
_d2023
215 _a126 с.
_cил., табл.
_d24
225 1 _aУроки шахмат
300 _aНа 4-й с. обл. авт.: Дорофеева А. Г., междунар. мастер по шахматам, чемпионка Европы среди девушек
320 _aДр. произведения авт. на 4-й с. обл.
333 _a6+
606 1 _aДошкольники
_jУчебные издания для дошкольного обучения
_xОбучение игре в шахматы
_92626130
_3RU\NLR\AUTH\661562690
606 1 _aШахматы
_jУчебные издания для дошкольного обучения
_9966520
_3RU\NLR\AUTH\66361818
686 1 _aЧ515.81я70
686 1 _aЧ411.38шахматы.я7
700 1 _aДорофеева
_bА. Г.
_gАнна Геннадьевна
942 _cBOOK
980 _aNB